BUBT Library Online Catalog

Law and Practice of Criminal Procedure/ (Record no. 6708)

000 -LEADER
fixed length control field 00554nam a22001937a 4500
003 - CONTROL NUMBER IDENTIFIER
control field BUBTL
008 - FIXED-LENGTH DATA ELEMENTS--GENERAL INFORMATION
fixed length control field 220524b ||||| |||| 00| 0 eng d
020 ## - INTERNATIONAL STANDARD BOOK NUMBER
International Standard Book Number 9848470514
082 ## - DEWEY DECIMAL CLASSIFICATION NUMBER
Classification number 345.05/ H929l/ 2010
100 ## - MAIN ENTRY--PERSONAL NAME
Personal name Huq, Zahirul
9 (RLIN) 4111
245 ## - TITLE STATEMENT
Title Law and Practice of Criminal Procedure/
Remainder of title Al-Haj Zahirul Huq
250 ## - EDITION STATEMENT
Edition statement 11th
260 ## - PUBLICATION, DISTRIBUTION, ETC. (IMPRINT)
Place of publication, distribution, etc. Dhaka
Name of publisher, distributor, etc. Bangladesh Law Book Company
Date of publication, distribution, etc. c2010
300 ## - PHYSICAL DESCRIPTION
Extent [xxviii], 1214p. :
Other physical details 21cm.
650 ## - SUBJECT ADDED ENTRY--TOPICAL TERM
Source of heading or term Criminal Law
856 ## - ELECTRONIC LOCATION AND ACCESS
Password 0
Logon 0
Link text Download
942 ## - ADDED ENTRY ELEMENTS (KOHA)
Source of classification or shelving scheme
Koha item type Books
Holdings
Withdrawn status Lost status Source of classification or shelving scheme Damaged status Not for loan Collection code Permanent location Current location Shelving location Date acquired Source of acquisition Inventory number Total Checkouts Full call number Barcode Date last seen Copy number Price effective from Koha item type
          Non-fiction Bangladesh University of Business and Technology Library Bangladesh University of Business and Technology Library Law Stacks 09/20/2017 Purchase 7745   345.05/ H929l/ 2010 BUBTL-20037745 05/24/2022 C-1 05/24/2022 Books

More Information About Library

Library Hours

  • Open: 9.00 am. to 9.00 pm.
  • Only Sunday: 9.00 am. to 6.00 pm.
  • Closed: Holiday

Contact to the University

Bangladesh University of Business and Technology Library

  • Mirpurl-2, 1216.
  • Phone:
  • Fax:
  • E-Mail: admin.library@bubt.edu.bd

Contact to the Library

Contact Person:

Md. Abdul Hakim Shah
Joint Librarian
PABX No:  113
Cell No: 01816332931
E-mail: official: admin.library@bubt.edu.bd
Personal: hakim.shah@bubt.edu.bd


BUBT Library

Copyright © 2021